| Поле | Название | Значение |
| |
Тип записи |
a |
| |
Библиографический уровень |
m |
| 001 |
Контрольный номер |
RU/IS/BASE/514395357 |
| 005 |
Дата корректировки |
20240207193220.4 |
| 010 |
Индекс ISBN |
__ |
| d |
Цена |
35 р. 00 к. |
| 9 |
Тираж |
5000 экз. |
| 100 |
Данные общей обработки |
__ |
| a |
Данные общей обработки |
20160419d2016 ||| 0rusy0189 ca |
| 101 |
Язык документа |
0_ |
| a |
Язык текста |
rus |
| 102 |
Страна публикации |
__ |
| a |
Страна публикации |
RU |
| 105 |
Кодированные данные (монография) |
__ |
| a |
Кодированные данные (монография) |
y###||||000|y |
| 200 |
Заглавие и сведения об ответственности |
1_ |
| a |
Заглавие |
Ароматы и запахи в культуре |
| b |
Общее обозначение материала |
Текст |
| h |
Номер части |
Кн. 2 |
| f |
Первые сведения об ответственности |
сост. О. Б. Вайнштейн |
| 210 |
Выходные данные |
1_ |
| a |
Место издания |
Москва |
| c |
Издательство |
Новое Литературное Обозрение |
| d |
Дата издания |
2003 |
| 300 |
Общие примечания |
__ |
| a |
Общие примечания |
В содерж. : Запахи в русской культуре ; Запахи в современном обществе ; Парфюмерия как профессия ; Рецензии |
| 606 |
Тематические рубрики |
1_ |
| a |
Основная рубрика |
Культурология |
| 606 |
Тематические рубрики |
1_ |
| a |
Основная рубрика |
Парфюмерно-косметические изделия |
| 610 |
Ключевые слова |
1_ |
| a |
Ключевые слова |
запахи |
| a |
Ключевые слова |
ароматерапия |
| a |
Ключевые слова |
культура |
| a |
Ключевые слова |
культурология |
| a |
Ключевые слова |
изделия парфюмерно-косметические |
| 686 |
Индексы других классификаций |
__ |
| a |
Классификационный индекс |
71+35 |
| a |
Классификационный индекс |
35 |
| 2 |
Код системы |
rubbk |
| 801 |
Источник записи |
_0 |
| a |
Страна |
RU |
| b |
Организация |
Ульяновская ОБДЮ |
| c |
Дата составления |
20160419 |
| g |
Правила каталогизации |
RCR |
| 801 |
Источник записи |
_1 |
| a |
Страна |
RU |
| b |
Организация |
Ульяновская ОБДЮ |
| c |
Дата составления |
20160419 |
| g |
Правила каталогизации |
RCR |
| 852 |
Данные о местонахождении |
__ |
| a |
Наименование организации |
Ульяновская ОБДЮ |
| i |
Авторский знак |
А 84 |
| j |
Шифр хранения |
71 |
| 902 |
Оглавление книги |
__ |
| a |
Оглавление книги, выполненное каталогизатором |
Запахи в русской культуре, Запахи в современном обществе, Парфюмерия как профессия, Рецензии |
| 910 |
Корректоры записи |
__ |
| a |
Корректор записи |
Рябова |
| 919 |
|
__ |
| a |
|
Рябова |
| 938 |
Служебная информация |
__ |
| a |
Имя БД |
MarkBase |